000 01582nam a22004215i 4500
001 193068
003 SpMaBN
005 20251103225428.0
007 ta
008 230727s1994 sp | ||| ||spa
016 7 _abimoBNE19940256609
_2SpMaBN
017 _aB 40350-1992
_bOficina Depósito Legal Barcelona
020 _a8439522460
035 _a(OCoLC)433532290
035 _aMimo0000414967
040 _aSpMaBN
_bspa
_cSpMaBN
_erdc
_dES-MaACL
080 _a321.7
100 1 _aBobbio, Norberto,
_d1909-2004
_0XX858171
_9233898
245 1 3 _aEl futuro de la democracia /
_cNorberto Bobbio ; [traducción, Juan Moreno]
260 _aBarcelona :
_bPlaneta-Agostini,
_ccop. 1992
300 _a221 p. ;
_c22 cm
336 _2rdacontent
_aTexto
337 _2rdamedia
_asin mediación
338 _2rdacarrier
_avolumen
490 1 _aObras maestras del pensamiento contemporáneo ;
_v78
500 _aTraducción de: Il futuro della democrazia
500 _aCatalogación provisional. Signatura: N 8559. Depósito J.
650 7 _aDemocracia
_2embne
_911574
700 0 _aMoreno, Juan,
_c(traductor)
_983297
830 0 _aObras maestras del pensamiento contemporáneo (1992) ;
_v78
_9233899
852 _aES-MaACL
_9200373
_bR.152723
_jN-8559
_cDEPOJ
_hDonación: Editorial
_zEn proceso
942 _n0
_cMONOGRAFIA
999 _c193068
_d193068